| 000 | 00601nam a2200205Ia 4500 | ||
|---|---|---|---|
| 999 |
_c51236 _d51236 |
||
| 001 | 18196 | ||
| 003 | GE_BSU | ||
| 005 | 20250130170241.0 | ||
| 008 | 181216s||||||||xx |||||||||||||| ||und|| | ||
| 020 | _a9780123704580 (hardback : alk. paper) | ||
| 040 | _cGE_BSU | ||
| 080 | _a611.018 | ||
| 245 |
_aMedical cell biology / _cEdited by Steven R. Goodman. |
||
| 250 | _a3rd ed. | ||
| 264 |
_aAmsterdam ; Boston : _bAcademic Press, _c2008. |
||
| 300 |
_a320 p. : _bill. ; _c28 cm. |
||
| 653 | _aმედიცინა | ||
| 653 | _aუჯრედის ბიოლოგია | ||
| 942 |
_cBK _2udc |
||